Autos sacramentales
Guardado en:
| Autor principal: | |
|---|---|
| Formato: | Libro |
| Lenguaje: | español |
| Publicado: |
Madrid
Espasa Calpe
1951
|
| Edición: | 3a. ed |
| Colección: | Clásicos castellanos, 69-74
|
| Materias: | |
| Etiquetas: |
Agregar Etiqueta
Sin Etiquetas, Sea el primero en etiquetar este registro!
|
MARC
| LEADER | 00000nam a2200000 a 4500 | ||
|---|---|---|---|
| 001 | UCX4523 | ||
| 003 | CL-VaPUC | ||
| 008 | 920605e19510000SP |||||||||||||||||spa|d | ||
| 082 | 0 | 4 | |a 862 |b CAL |2 21 |
| 100 | 0 | |a Calderón de la Barca, Pedro |e author |9 316207 | |
| 245 | 1 | 0 | |a Autos sacramentales |
| 250 | |a 3a. ed | ||
| 300 | |a 2 v | ||
| 942 | |c BK | ||
| 945 | |d 19920605 00:00:00 | ||
| 260 | |a Madrid |b Espasa Calpe |c 1951 | ||
| 650 | 0 | |a Dramas españoles |9 267081 | |
| 583 | |a last modification |c 19920605 00:00:00 |k Rodrigo Vera | ||
| 490 | 0 | |a Clásicos castellanos, 69-74 | |
| 999 | |c 224960 |d 224958 | ||
| 952 | |0 0 |1 0 |4 0 |6 862_000000000000000_CAL_1951 |7 0 |8 A |9 222074 |a FDOPOS |b FDOPOS |d 2019-11-15 |h v.1 |i 2909200 |o 862 CAL 1951 |p 2909200 |r 2025-01-22 |w 2019-11-15 |y BK |k MLH | ||
| 952 | |0 0 |1 0 |4 0 |6 862_000000000000000_CAL_1951 |7 0 |8 A |9 222075 |a FDOPOS |b FDOPOS |d 2019-11-15 |h v.2 |i 2909219 |o 862 CAL 1951 |p 2909219 |r 2025-01-22 |w 2019-11-15 |y BK |k MLH | ||
| 952 | |0 0 |1 0 |4 0 |6 862_000000000000000_CAL_1951 |7 0 |8 A |9 222076 |a FDOPOS |b FDOPOS |d 2019-11-15 |h v.2 |i 2909227 |o 862 CAL 1951 |p 2909227 |r 2025-01-22 |w 2019-11-15 |y BK |k MLH | ||
| 952 | |0 0 |1 0 |4 0 |6 862_000000000000000_CAL_1951 |7 0 |8 A |9 222077 |a BIBEDU |b BIBEDU |d 2019-11-15 |h v.1 |i 1450034 |o 862 CAL 1951 |p 1450034 |r 2019-11-15 |w 2019-11-15 |y BK |k LIT | ||
| 952 | |0 0 |1 0 |4 0 |6 862_000000000000000_CAL_1951 |7 0 |8 A |9 222078 |a BIBEDU |b BIBEDU |d 2019-11-15 |h v.2 |i 1450085 |o 862 CAL 1951 |p 1450085 |r 2019-11-15 |w 2019-11-15 |y BK |k LIT | ||